00468nam a2200109Ia 4500008004100000100002900041245013400070260003300204300001700237650001900254856008500273160712s9999 xx 000 0 und d ade Vera, Dennis Adriano. cDennis Adriano de VeraaJon Mandle. Global Justice. Cambridge, UK and Malden, USA: Polity Press, 2006. 180 pp. ISBN 0-7456-3066-9 c2013bSocial Science Diliman avol. 9 no. 1 xSOCIAL SCIENCE uhttp://journals.upd.edu.ph/index.php/socialsciencediliman/issue/view/388/showToc